Politiky na podporu výzkumu a vývoje v zemích Evropské unie
Lisabonská stratégia podpory výskumu a vývoja. Sedem rámcový Európsky výskumný priestor (ERA). Kritéria, programy a časové aspekty výskumu v európskych krajinách. Najúspešnejšie európske výskumné organizácie. Hodnotenia ex ante, ex post. Politická podpora a komercionalizácia výskumu.
Salvato in:
| Autore principale: | |
|---|---|
| Natura: | Capitolo di libro |
| Lingua: | ceco |
| Soggetti: | |
| Tags: |
Nessun Tag, puoi essere il primo ad aggiungerne!!
|
MARC
| LEADER | 00000naa$a2200000$$$4500 | ||
|---|---|---|---|
| 001 | 0100270 | ||
| 005 | 20221025092309.9 | ||
| 041 | 0 | |a cze | |
| 044 | |a CZ | ||
| 245 | 1 | 0 | |a Politiky na podporu výzkumu a vývoje v zemích Evropské unie |c Karel Mráček |
| 520 | |a Lisabonská stratégia podpory výskumu a vývoja. Sedem rámcový Európsky výskumný priestor (ERA). Kritéria, programy a časové aspekty výskumu v európskych krajinách. Najúspešnejšie európske výskumné organizácie. Hodnotenia ex ante, ex post. Politická podpora a komercionalizácia výskumu. | ||
| 610 | 2 | 0 | |a programy výskumné |
| 610 | 2 | 0 | |a Európska únia |
| 610 | 2 | 0 | |a vývoj vedeckotechnický |
| 610 | 2 | 0 | |a spolupráca medzinárodná |
| 610 | 2 | 0 | |a financovanie vývoja |
| 100 | 1 | |a Mráček, Karel | |